000 00269nam a2200109Ia 4500
008 220204s9999 xx 000 0 und d
082 _a001.891
_bEUR
245 0 _aEuropean research index. V 1
250 _aEd.3
260 _aChannel
_bFrancis Hodgson
_c1973
942 _cBK
999 _c23378
_d23378